Obras festivas.
Gardado en:
| Autor Principal: | |
|---|---|
| Formato: | Libro |
| Publicado: |
Madrid, España:
Aguilar,
1981
|
| Subjects: | |
| Tags: |
Engadir etiqueta
Sen Etiquetas, Sexa o primeiro en etiquetar este rexistro!
|
MARC
| LEADER | 00000nam a2200000 a 4500 | ||
|---|---|---|---|
| 001 | UCQ5342 | ||
| 003 | CL-VaPUC | ||
| 005 | 20220705165559.0 | ||
| 008 | 220705t1981 ||||| |||| 00| 0 eng d | ||
| 999 | |c 275555 |d 275553 | ||
| 040 | |c Pontificia Universidad Católica de Valparaíso | ||
| 082 | 0 | 4 | |a 863 QUE 1981 |b |2 21 |
| 100 | 0 | |a Quevedo, Francisco de |e autor |9 254892 | |
| 245 | 1 | 0 | |a Obras festivas. |
| 260 | |a Madrid, España: |b Aguilar, |c 1981 | ||
| 300 | |a 218 páginas. | ||
| 583 | |a last modification |c 19980925 00:00:00 |k Rodrigo Vera | ||
| 650 | 0 | |a Novelas españolas |9 265052 | |
| 650 | 0 | |a Literatura española |9 306261 | |
| 942 | |c BK |2 ddc | ||
| 952 | |0 0 |1 0 |4 0 |6 863_000000000000000_QUE_1981 |7 0 |8 A |9 312325 |a BIBEDU |b BIBEDU |d 2019-11-20 |i 1470620 |o 863 QUE 1981 |p 1470620 |r 2019-11-20 |w 2019-11-20 |y BK |k LIT | ||